Detalles MARC
| 000 -LÍDER |
| Campo fijo de descripción fija |
01625nam a2200313 i 4500 |
| 001 - NÚMERO DE CONTROL |
| Campo de control |
768714001 |
| 003 - IDENTIFICADOR DEL NÚMERO DE CONTROL |
| Campo de control |
CO-MdFUSB |
| 005 - FECHA Y HORA DE LA ULTIMA TRANSACCIÓN |
| control field |
20240618062720.0 |
| 008 - ELEMENTOS DE LONGITUD FIJA -- INFORMACIÓN GENERAL |
| Campo fijo de descripción fija -- Información general |
190827t2017 -us |||| |||| 00| 0 eng d |
| 020 ## - NÚMERO INTERNACIONAL NORMALIZADO PARA LIBROS |
| Número Internacional Normalizado del libro |
9780998686103 |
| 040 ## - FUENTE DE CATALOGACIÓN |
| Agencia de catalogación original |
CO-MdFUSB |
| Idioma de catalogación |
spa |
| Agencia que realiza la transcripción |
CO-MdFUSB |
| Agencia que realiza la modificación |
CO-MdFUSBC |
| Convenciones de la descripción |
rda |
| 041 ## - CÓDIGO DE IDIOMA |
| Código de idioma para texto/pista de sonido o título separado |
eng |
| 082 ## - NÚMERO DE CLASIFICACIÓN DECIMAL DEWEY |
| Número de la edición del Dewey |
23 |
| Número de clasificación |
266 |
| Clave de autor-Numero de item |
EA13 |
| 110 ## - ASIENTO PRINCIPAL--NOMBRE CORPORATIVO |
| Nombre corporativo o de jurisdicción como elemento de entrada |
Asian Acces |
| 245 1# - TÍTULO |
| Título del Material |
Eastern voices : |
| Parte restante del título - Subtitulo |
Insight, Perspective, and Vision from Kingdom Leaders in Asia In Their Own Words |
| Mención de responsabilidad, etc. |
/ compilado por Asian Acces. |
| 264 #1 - PRODUCCIÓN, PUBLICACIÓN, DISTRIBUCIÓN, MANUFACTURA, Y COPYRIGHT |
| Lugar de producción, publicación, distribución, manufactura |
Estados Unidos : |
| Nombre del productor, publicador, distribuidor |
Asian Access, |
| Fecha de producción, publicación, distribución, manufactura, o copyright |
[2017] |
| 264 ## - PRODUCCIÓN, PUBLICACIÓN, DISTRIBUCIÓN, MANUFACTURA, Y COPYRIGHT |
| Fecha de producción, publicación, distribución, manufactura, o copyright |
© 2017 |
| 300 ## - DESCRIPCIÓN FÍSICA |
| Extensión |
275 páginas |
| Dimensiones |
; 22 cm |
| 336 ## - TIPO DE CONTENIDO |
| Fuente |
rdacontent |
| Término de tipo de contenido |
texto |
| Código de tipo de contenido |
txt |
| 337 ## - TIPO DE MEDIO |
| Fuente |
rdamedia |
| Nombre del tipo de medio |
sin mediación |
| Código del tipo de medio |
n |
| 338 ## - TIPO DE SOPORTE |
| Fuente |
rdacarrier |
| Nombre del tipo de soporte |
volumen |
| Código Tipo de soporte |
nc |
| 505 ## - NOTA DE CONTENIDO |
| Nota de contenido con formato preestablecido |
Perdiendo mi cara. / Wesley Kyaw Thura. -- El ministerio de los negocios. / Anónimo. -- Levantándose de los escombros. / Yoshiya Hari. -- Sin separación. / Alma Kyaw Thura. -- Compartir crédito en un mundo centrado en el gurú./ Leor Sarkar. -- La blasfemia de la "adoración"/ Adrian de Visser. -- Dando vida a la Biblia. / Peter Debakar Mazumder. -- Dirige como Jesús. / Meng Aun Hour. -- Canjeando lo que ya está allí. / Takeshi Takazawa. -- La oscuridad es hermosa. / Kavitha Emmanuel. -- Rompiendo las barreras. / Jeyakaran Emmanuel. -- Los extraños son nuestro medio./ Bartholomew and Titus. -- El movimiento del centro de extensión. / David Dayalan. -- Hora del té con la policía. / Anónimo. |
| 563 ## - NOTA DE ENCUADERNACIÓN |
| Nota de encuadernación |
Rústico. |
| 650 #0 - ASIENTO SECUNDARIO DE MATERIA - TERMINO TEMÁTICO |
| 9 (RLIN) |
362 |
| Término temático o nombre geográfico como elemento de entrada |
Evangelización |
| 650 #0 - ASIENTO SECUNDARIO DE MATERIA - TERMINO TEMÁTICO |
| Término temático o nombre geográfico como elemento de entrada |
Misiones |
| 9 (RLIN) |
154 |
| 830 ## - PUNTO DE ACCESO ADICIONAL DE SERIE - TÍTULO UNIFORME |
| Título uniforme |
Volume 1 |
| 942 ## - TIPO DE MATERIAL (KOHA) |
| Tipo de Item KOHA |
Libros General |
| 945 ## - INFORMACIÓN LOCAL DEL REGISTRO |
| Catalogador |
JTF-925 |